LEADER 00802nam a2200241 i 4500 001 991004370838507536 005 20250305103137.0 008 250305n19.. fr er 001 0 fre d 040 $aBibl. Dip.le Aggr. Studi Umanistici - Sez. Filosofia$bita$cSocioculturale Scs 041 1 $afre$hlat 082 04$a210$223 100 1 $aCicero, Marcus Tullius$082411 240 10$aDe natura deorum$915652 245 10$aDe la nature des Dieux /$cCiceron ; traduction nouvelle avec notice et notes par Charles Appuhn 260 $aParis :$bGarnier,$c[19..] 300 $a424 p. ;$c19 cm 490 1 $aClassiques Garnier 650 4$aDivinità$xFilosofia romana 700 1 $aAppuhn, Charles 830 0$aClassiques Garnier 912 $a991004370838507536 996 $aDe natura deorum$915652 997 $aUNISALENTO